| 000 | 01735nam0a2200421 4500 | ||
|---|---|---|---|
| 001 | RU\NLR\bibl\1672494 | ||
| 005 | 20260405204947.0 | ||
| 010 |
_a978-5-297-01560-9 _9500 |
||
| 021 |
_aRU _b2010-59335 _93884 |
||
| 035 | _a(nilc)RSL-KNO-004714783 | ||
| 035 | _a(NLR Aleph) 001663742 | ||
| 090 |
_a997931 _c997931 |
||
| 100 | _a20100803d2010 |||y0rusy50 ca | ||
| 101 | 0 |
_arus _aeng |
|
| 102 | _aRU | ||
| 105 | _ay zzzz||||| | ||
| 200 | 1 |
_aМы - дагестанский народ _dWe are the people daghestan _fАбдулла Магомедов _zeng |
|
| 210 |
_aМахачкала _cДагестанское кн. изд-во _d2010 |
||
| 215 |
_a196 с. _d17 |
||
| 300 | _aАвт. также на англ. яз.: Abdulla Magomedov | ||
| 300 | _aПредисл. парал. рус., англ. | ||
| 320 | _aИмен. указ.: с. 185-193 | ||
| 510 | 1 |
_6z22790 _aWe are the people daghestan _zeng |
|
| 606 | 1 |
_aДагестанцы _xНациональное самосознание _92421385 _3RU\NLR\auth\661441967 |
|
| 610 | 0 | _aИстория. Исторические науки -- Российская Федерация -- Республика Дагестан | |
| 686 |
_aТ3(2Р-6Д)0,02 _2rubbk |
||
| 686 | _aС550.67 | ||
| 686 | _aТ3(2Р-6Д)0-72 | ||
| 700 | 1 |
_4070 _8rus _7ca _aМагомедов _bА. А. _f1942- _gАбдулла Абдуллаевич _3RU\NLR\AUTH\7792246 _975173 |
|
| 790 | 1 |
_4070 _8rus _7ba _aMagomedov _bA. A. _f1942- _gAbdulla Abdullaevič _3RU\NLR\AUTH\7792247 _975174 |
|
| 801 | 0 |
_aRU _bРГБ _c20100803 _grcr |
|
| 801 | 1 |
_aRU _bРГБ _c20100803 |
|
| 801 | 2 |
_aRU _bNLR _c20100908 _grcr |
|
| 830 | _aавт. по кн. | ||
| 942 | _cBOOK | ||
| 980 | _aNB | ||